| 000 | 00000nam 2200000za 4500 |
| 001 | 9.806345 |
| 003 | CaOODSP |
| 005 | 20250408113139 |
| 007 | cr ||||||||||| |
| 008 | 160420s2014 onc o f000 0 ara d |
| 020 | |a978-0-660-03887-2 |
| 040 | |aCaOODSP|beng |
| 043 | |an-cn--- |
| 086 | 1 |aHP40-38/2014Ara-PDF|zHP40-38/2014Ar-PDF |
| 245 | 02|a[A parent's guide to vaccination] |h[electronic resource]. |
| 250 | |a[Arabic edition]. |
| 260 | |aOttawa : |bPublic Health Agency of Canada, |c2014. |
| 300 | |a11 p. |
| 500 | |aIssued also in English under title: A parent's guide to vaccination. |
| 530 | |aIssued also in printed form. |
| 546 | |aText in Arabic. |
| 692 | 07|2gccst|aImmunization |
| 692 | 07|2gccst|aChildren's health |
| 710 | 2 |aPublic Health Agency of Canada. |
| 775 | 08|tA parent's guide to vaccination |w(CaOODSP)9.700087 |
| 776 | 0#|tA parent's guide to vaccination |w(CaOODSP)9.806349 |
| 792 | |t[Guide sur la vaccination à l'intention des parents] |efre|w(CaOODSP)9.806347 |
| 794 | |t[A parent's guide to vaccination] |w(CaOODSP)9.832153 |
| 856 | 40|qPDF|s1,010 KB|uhttps://publications.gc.ca/collections/collection_2016/aspc-phac/HP40-38-2014-ara.pdf |
| 986 | |a150156 |